00620nam a22001817a 450000500170000001000150001702000350003203500140006703700130008108200130009410000200010724500630012726000490019027001160023930000360035550000190039150500280041020170915103320.0 aENG-120336 a9788123020686 (vol-49)c100.00 aEN-103868 bDBAD/PUB a320.153  aGandhi, Mahatma aThe collected works of Mahatma Gandhi /bby Mahatma Gandhi aDelhibPublication Divisonc2015 Dec.-(rep.) a Ministryof Information and Broadcasting Govt of India Soochna Bhawan,CGO Complex,Lodhi RoadbNew Delhie110001 avol-49-(xxviii,580p.)c24cm(Hb) aIncludes index avol-49-January-May 1932